| 000 | 00764nam a2200241 i 4500 | ||
|---|---|---|---|
| 001 | 73399 | ||
| 003 | ES-MaACL | ||
| 005 | 20230906171806.0 | ||
| 007 | t| | ||
| 008 | 041006s2003 sp ||||1| spa d | ||
| 020 | _a84-9740-088-7 | ||
| 080 | _a821.134.2-2"19"(082.2) | ||
| 245 | 0 | 0 |
_aTeatro español de vanguardia / _cedición, introducción y notas de Agustín Muñoz-Alonso López. |
| 260 |
_aMadrid : _bCastalia, _c[2003] |
||
| 300 |
_a676 p. ; _c18 cm. |
||
| 490 | 1 |
_aClásicos Castalia ; _v274 |
|
| 504 | _aBibliografía: p. 73-83. | ||
| 650 | 4 |
_aTeatro español- _yS.XX. _917356 |
|
| 700 | 1 |
_aMuñoz-Alonso López, Agustín. _984350 |
|
| 830 | 0 |
_aClásicos Castalia ; _v274 _9178595 |
|
| 852 |
_aES-MaACL _jL-28233 _bR.134040 |
||
| 999 |
_c73399 _d73399 |
||